Anna Karênina

Shranjeno v:
Bibliografske podrobnosti
Glavni avtor: Tônxtôi, Liep
Format: Knjiga
Oznake: Označite
Brez oznak, prvi označite!
Thư viện lưu trữ: Mạng thư viện Đại học Đà Nẵng
LEADER 00718nam a2200217 4500
001 000004459
003 598
005 20150812140858.0
008 110720s sd
100 0 |a Tônxtôi, Liep 
245 0 0 |a Anna Karênina  |c Tônxtôi, Liep 
774 |a Tônxtôi, Liep  |b Tái bản lần 1 có sửa chữa  |d H.  |d Văn Học  |d 1978  |g T. 1  |h 622 tr  |w 599 
774 |a Tônxtôi, Liep  |b Tái bản lần 1 có sửa chữa  |d Văn Học  |d H.  |d 1978  |g T. 2  |h 505 tr  |n Dịch từ tiếng Pháp  |w 600 
OWN |a LSP 
999 |a From the UDN01 
TYP |a Monograph 
TYP |a Printed language 
980 |a Mạng thư viện Đại học Đà Nẵng